Statistics for Gaming Quiz

Click here to take the quiz!

General Stats

  • This quiz has been taken 60 times
  • The average score is 4 of 9

Answer Stats

QuestionAnswer% Correct
With what 2 words was game ROBLOX made by?''robots'' i 'blocks''
82%
Which is the best selling game ever made?Minecraft
79%
What were you doing in first game ever made?Tennis
63%
Which year was GTA 5 release?2013
61%
What is the most played video game 2021?Call Of Duty Warzone
41%
When did minecraft was released?18.11.2011.g
32%
When did 1.8 version of minecraft came out?2.9.2014.g
23%
From which platform you cant make game in roblox studio?iPad
20%
Who made first video game ever?William Higinbotham
13%

Score Distribution

Percentile by Number Answered

Percent of People with Each Score

Your Score History

You have not taken this quiz